| 000 | 00983nam a22002297a 4500 | ||
|---|---|---|---|
| 999 |
_c21190 _d21190 |
||
| 003 | AR-CdUCM | ||
| 008 | 190321b ||||| |||| 00| 0 spa d | ||
| 040 |
_aMUNICIPALIDAD PROVINCIAL DEL CUSCO _cBIBLIOTECA MUNICIPAL DEL CUSCO |
||
| 082 |
_a303.485 / C27 _bC27 |
||
| 100 |
_aCari Mamani, Hernán Martín _944278 |
||
| 245 | _aCompetencia lingüística / | ||
| 260 |
_aCusco : _bPC+Red, _c2017. |
||
| 300 |
_a266 paginas ; _c20 cm. |
||
| 505 | _aContenido : Lenguaje humano -- Variación lingüística -- Comunicación humana -- Fonología y Fonética de la Lengua -- La Sílaba -- La acentuación -- Los signos de puntuación -- Análisis morfológico de la palabra -- El Adjetivo -- El Sustantivo -- Los pronombres. | ||
| 650 |
_aComunicación educativa _944262 |
||
| 650 |
_aEducación _9460 |
||
| 650 |
_aLenguaje y comunicación _944263 |
||
| 650 |
_aCompetencia Lingüística _944279 |
||
| 700 |
_aMamani Hancco, Virginia _944280 |
||
| 942 |
_2ddc _cLIBROS |
||
| 945 | _aRoel | ||